书目信息 |
| 题名: |
中级力学习题集
|
|
| 作者: | 《中级力学习题集》编译组译 | |
| 分册: | 上册 | |
| 出版信息: | 武汉 湖北人民出版社 1982 |
|
| 页数: | 440页 | |
| 开本: | 20cm | |
| 丛书名: | ||
| 单 册: | ||
| 中图分类: | O3-44 | |
| 科图分类: | ||
| 主题词: | 力学--习题 | |
| 电子资源: | ||
| ISBN: | ||
| 000 | 00570nam0 2200217 45 | |
| 001 | 0182001216 | |
| 005 | 20060726103250.20 | |
| 010 | @dCNY1.35 | |
| 091 | @a7106.1608 | |
| 100 | @a19950612d1982 em y0chiy0121 ea | |
| 101 | 1 | @achi |
| 102 | @aCN@b420000 | |
| 105 | @ay g 000yy | |
| 200 | 10 | @a中级力学习题集@h上册@Azhong ji li xue xi ti ji@f《中级力学习题集》编译组译 |
| 210 | @a武汉@c湖北人民出版社@d1982 | |
| 215 | @a440页@d20cm | |
| 606 | @a力学@x习题 | |
| 690 | @aO3-44@v3 | |
| 801 | 0 | @aCN@bTSSF@c20060726 |
| 801 | 2 | @aCN@bNLC@c20060724 |
| 905 | @dO3-44@e55:1 | |
| 中级力学习题集.上册/《中级力学习题集》编译组译.-武汉:湖北人民出版社,1982 |
| 440页;20cm |
| ISBN :CNY1.35 |
| ● |
| 相关链接 |
|
|
|
|
正题名:中级力学习题集
索取号:O3-44/55:1
 
预约/预借
| 序号 | 登录号 | 条形码 | 馆藏地/架位号 | 状态 | 备注 |
| 1 | 0431096 | 204310968 | 密集书库/ [索取号:O3-44/55:1] | 在馆 | |
| 2 | 0431097 | 204310977 | 密集书库/ [索取号:O3-44/55:1] | 在馆 | |
| 3 | 0431796 | 204317961 | 密集书库/ [索取号:O3-44/55:1] | 在馆 |